Ekonomika, financie a manažment podniku XIV zborník vedeckých statí pri príležitosti Týždňa vedy a techniky
Uložené v:
| Korporativný autor: | |
|---|---|
| Ďalší autori: | , , , |
| Médium: | Kniha |
| Jazyk: | Slovak English German |
| Vydavateľské údaje: |
Bratislava
Vydavateľstvo EKONÓM
2020
|
| Vydanie: | 1. vydanie |
| Predmet: | |
| Tagy: |
Žiadne tagy, Buďte prvý, kto otaguje tento záznam!
|
MARC
| LEADER | 00000nlm a2200000 4500 | ||
|---|---|---|---|
| 001 | 0269952 | ||
| 005 | 20240502074229.9 | ||
| 020 | |a 978-80-225-4763-5 | ||
| 041 | 0 | |a slo | |
| 041 | 0 | |a eng | |
| 041 | 0 | |a ger | |
| 044 | |a SK | ||
| 245 | 1 | 0 | |a Ekonomika, financie a manažment podniku XIV |b zborník vedeckých statí pri príležitosti Týždňa vedy a techniky |c zostavovatelia (Editors): Peter Markovič, Miroslav Tóth |
| 250 | |a 1. vydanie | ||
| 264 | 1 | |a Bratislava |b Vydavateľstvo EKONÓM |c 2020 | |
| 300 | |a 529 s. [26,45 AH] | ||
| 610 | 2 | 0 | |a hospodárstvo podnikové |
| 610 | 2 | 0 | |a financie |
| 610 | 2 | 0 | |a riadenie podnikové |
| 610 | 2 | 0 | |a automatizácia |
| 610 | 2 | 0 | |a robotizácia |
| 610 | 2 | 0 | |a technológie nové |
| 610 | 2 | 0 | |a priemysel 4.0 |
| 610 | 2 | 0 | |a koronavírus |
| 700 | 1 | |a Markovič, Peter, 1974- | |
| 700 | 1 | |a Tóth, Miroslav, 1961- | |
| 700 | 1 | |a Grznár, Miroslav | |
| 700 | 1 | |a Szabo, Ľuboslav | |
| 710 | 2 | |a Ekonomická univerzita v Bratislave. Fakulta podnikového manažmentu | |